Desarrollo: sistemas que interactúan en el desarrollo

Guardat en:
Dades bibliogràfiques
Autor principal: Ebert, James D
Format: Llibre
Idioma:espanyol
Publicat: Ciudad de México Continental 1966
Col·lecció:Moderna de Biología
Matèries:
Etiquetes: Afegir etiqueta
Sense etiquetes, Sigues el primer a etiquetar aquest registre!

MARC

LEADER 00000nam a2200000 a 4500
001 UCT5497
003 CL-VaPUC
005 20231108163743.0
008 961211e19660000MX |||||||||||||||||spa|d
999 |c 254417  |d 254415 
040 |c Pontificia Universidad Católica de Valparaíso 
082 0 4 |a 571.86 EBE 1966  |2 21 
100 0 |a Ebert, James D  |9 374994 
245 1 0 |a Desarrollo: sistemas que interactúan en el desarrollo 
260 |a Ciudad de México  |b Continental  |c 1966 
300 |a 290 páginas 
490 0 |a Moderna de Biología 
583 |a last modification  |c 19961211 00:00:00  |k Rodrigo Vera 
650 0 |a Desarrollo embrionario  |9 343783 
650 0 |a División celular  |9 343784 
650 0 |a Células   |9 269548 
650 0 |a División celular  |9 343784 
942 |c BK  |2 ddc 
945 |d 19961211 00:00:00  |a paguirre 
952 |0 0  |1 0  |2 ddc  |4 0  |6 571_860000000000000_EBE_1966  |7 0  |8 A  |9 276081  |a BIBCUR  |b BIBCUR  |d 2019-11-19  |i 1797522  |l 1  |o 571.86 EBE 1966  |p 1797522  |r 2025-04-22  |s 2024-10-03  |t 1  |w 2019-11-19  |y BK  |k BIO